Schooled in conflict; mexicam and chicano students 1968-1978 /

El 2 de octubre de 1968 más de trescientos jóvenes mexicanos fueron masacrados por el ejército durante una manifestación pacífica en Tlatelolco, distrito de la Ciudad de México. En este artículo los autores rememoran aquellos sucesos con el objetivo de estudiar las connotaciones del movimiento estud...

תיאור מלא

שמור ב:
מידע ביבליוגרפי
מחבר ראשי: McCaughan
מחברים אחרים: ed Escudero, Roberto Gonzalez, Roberto
פורמט: Texto
נושאים:
תגים: הוספת תג
אין תגיות, היה/י הראשונ/ה לתייג את הרשומה!

MARC

LEADER 00000 a a2200000 04500
001 9794
003
040
100 |a McCaughan  
245 |a Schooled in conflict; mexicam and chicano students 1968-1978 /  |c McCaughan  
520 |a El 2 de octubre de 1968 más de trescientos jóvenes mexicanos fueron masacrados por el ejército durante una manifestación pacífica en Tlatelolco, distrito de la Ciudad de México. En este artículo los autores rememoran aquellos sucesos con el objetivo de estudiar las connotaciones del movimiento estudiantil mexicano de 1968. Para ello, se analizan sus raíces, desarrollo y proyección. El estudio traza la metamorfosis del movimiento estudiantil del sesenta y ocho al movimiento universitario unido del setenta y ocho. El informe también incluye el análisis de las políticas xenofóbicas contra la comunidad mexicana en Texas y otros estados, donde la educación se les restringe a los inmigrantes indocumentados y a sus hijos. También se da una mirada a los movimientos 'chicanos' que luchan por los derechos básicos de educación en los Estados Unidos. ABB/mb  
650 |a ESTUDIANTES  
650 |a ESTUDIANTES EXTRANJEROS  
650 |a MOVIMIENTOS ESTUDIANTILES  
650 |a PARTICIPACION ESTUDIANTIL  
650 |a EGRESADOS  
650 |a DISCRIMINACION RACIAL  
700 |a ed   |a Escudero, Roberto   |a Gonzalez, Roberto  
773 |g volumen 12, número 5; páginas 2-33  
999 |c 27253  |d 27253